Model bahan keluaran

Bibliographic Details
Main Author: Jennifer, Cottis
Format: Book
Published: Kuala Lumpur : Fajar Bakti , 1993
Series:Topik rekabentuk
Subjects:

MARC

LEADER 00000cam a2200000 7i4500
001 0000000933
002 000001040
005 20060116.0
020 |a 9676525537 
090 0 0 |a 600   |b JEN 
100 1 |a Jennifer, Cottis 
245 1 0 |a Model bahan keluaran   |c Cottis Jennifer 
260 |a Kuala Lumpur :   |b Fajar Bakti ,   |c 1993 
300 |a 64p :   |b ill ;   |c 28cm. 
490 0 |a Topik rekabentuk 
650 0 0 |a Technology   |x Juvenile literature 
999 |a 029547   |b BUKU   |c JUNIOR BOOKS   |e PERPUSTAKAAN KOMUNITI CAW KOTA DAMANSARA